Statistics for Fastest JetPunk Discord Members to Reach 1K Messages

Click here to take the quiz!

General Stats

  • This quiz has been taken 19 times
  • The average score is 6 of 10

Answer Stats

#Member% Correct
12/03/2019Stewart
88%
19/06/2019SaturnTheQuizzer
75%
18/06/2019IAB
69%
7 daysFlabberBapper
63%
18/06/2019CringeDragon
56%
9 daysQuizzer6794
56%
6 daysRedLightning
56%
8 dayslovelyladylori
50%
04/06/2019OskarRB
50%
4 daysGyrule
44%

Score Distribution

Percentile by Number Answered

Percent of People with Each Score

Your Score History

You have not taken this quiz